Five Little Peppers at School (Record no. 255377)
[ view plain ]
| 000 -LEADER | |
|---|---|
| fixed length control field | 01319cam a22002653a 4500 |
| 001 - CONTROL NUMBER | |
| control field | 26122 |
| 003 - CONTROL NUMBER IDENTIFIER | |
| control field | PGUSA |
| 005 - DATE AND TIME OF LATEST TRANSACTION | |
| control field | 20140828083549.0 |
| 008 - FIXED-LENGTH DATA ELEMENTS--GENERAL INFORMATION | |
| fixed length control field | 080725s2008||||xxu|||||s|||||000 1 eng d |
| 040 ## - CATALOGING SOURCE | |
| Original cataloging agency | PGUSA |
| Language of cataloging | eng |
| 042 ## - AUTHENTICATION CODE | |
| Authentication code | dc |
| 050 #4 - LIBRARY OF CONGRESS CALL NUMBER | |
| Classification number | PZ |
| 100 1# - MAIN ENTRY--PERSONAL NAME | |
| Personal name | Sidney, Margaret, |
| Dates associated with a name | 1844-1924 |
| 245 10 - TITLE STATEMENT | |
| Title | Five Little Peppers at School |
| Medium | [electronic resource] / |
| Statement of responsibility, etc | Margaret Sidney |
| 260 ## - PUBLICATION, DISTRIBUTION, ETC. (IMPRINT) | |
| Name of publisher, distributor, etc | Project Gutenberg, |
| Date of publication, distribution, etc | 2008 |
| 505 0# - FORMATTED CONTENTS NOTE | |
| Formatted contents note | Hard Times for Joel -- The Tennis Match -- A Narrow Escape -- Of Various Things -- At Silvia Horne's -- The Accident -- The Salisbury Girls -- “We're to have our picnic!” -- All About the Poor Brakeman -- Joel and His Dog -- The United Clubs -- Some Every-day Fun -- The Picnic -- Miss Salisbury's Story -- The Broken Vase -- New Plans -- Phronsie -- Tom's Story -- The Grand Entertainment -- The Corcoran Family -- At the Play -- Pickering Dodge -- The Clemcy Garden Party -- The Piece of News -- “The Very Prettiest Affair” |
| 506 ## - RESTRICTIONS ON ACCESS NOTE | |
| Terms governing access | Public domain in the USA. |
| 516 ## - TYPE OF COMPUTER FILE OR DATA NOTE | |
| Type of computer file or data note | Electronic text |
| 653 ## - INDEX TERM--UNCONTROLLED | |
| Uncontrolled term | Five Little Peppers (Fictitious characters) -- Juvenile fiction |
| 653 ## - INDEX TERM--UNCONTROLLED | |
| Uncontrolled term | Schools -- Juvenile fiction |
| 700 1# - ADDED ENTRY--PERSONAL NAME | |
| Personal name | Heyer, Hermann, |
| Dates associated with a name | 1876-1950 |
| 830 #0 - SERIES ADDED ENTRY--UNIFORM TITLE | |
| Uniform title | Project Gutenberg |
| Volume number/sequential designation | 26122 |
| 856 40 - ELECTRONIC LOCATION AND ACCESS | |
| Uniform Resource Identifier | <a href="http://www.gutenberg.org/ebooks/26122">http://www.gutenberg.org/ebooks/26122</a> |
| 942 ## - ADDED ENTRY ELEMENTS (KOHA) | |
| Koha item type | eBooks |
| Withdrawn status | Lost status | Damaged status | Home library | Current library | Date acquired | Total Checkouts | Date last seen | Price effective from | Koha item type |
|---|---|---|---|---|---|---|---|---|---|
| Project Gutenberg | Project Gutenberg | 08/28/2014 | 08/28/2014 | 08/28/2014 | eBooks |